Guia dels fons d'empresa de l' Arxiu Nacional de Catalunya /
Descripción Física:
231 p. ; 30 cm
Otros Autores:
Frago Pérez, Pilar
MARC
| LEADER | 00000nam a2200000Ia 4500 | ||
|---|---|---|---|
| 001 | 11602 | ||
| 003 | BGR | ||
| 005 | 20260324175209.0 | ||
| 008 | 160829s1996 xx 000 0 cat d | ||
| 080 | |a A-1-88 | ||
| 110 | 2 | |a Arxiu Nacional de Catalunya |9 55117 | |
| 245 | |a Guia dels fons d'empresa de l' Arxiu Nacional de Catalunya / |c Pilar Frago Pérez | ||
| 260 | |a [Sant Cugat del Vallès] : |b [Arxiu Nacional de Catalunya], Àrea de Fons Històrics, |c 1996 | ||
| 300 | |a 231 p. ; |c 30 cm | ||
| 590 | |a Notes. | ||
| 590 | |a Índex | ||
| 610 | 2 | 0 | |a Arxiu Nacional de Catalunya |v Catàlegs |9 56080 |
| 650 | |a Empreses |x Catalunya |x Fons documentals |x Catàlegs |9 19667 | ||
| 700 | |a Frago Pérez, Pilar |9 30662 | ||
| 710 | 2 | |9 55117 |a Arxiu Nacional de Catalunya |b Àrea de Fons Històrics | |
| 901 | |a Arxiu | ||
| 942 | |n 1 |2 udc |c MON | ||
| 952 | |0 0 |1 0 |4 0 |6 A188 |7 1 |9 41300 |a Arxiu |b Arxiu |d 2016-12-01 |l 0 |o A-1-88 |p 11602 |r 2016-12-01 00:00:00 |w 2016-12-01 |y ARXIU | ||
| 999 | |c 43083 |d 43083 | ||